000
00261nam a2200097Ia 4500
008
230508s1994 xx 000 0 und d
041
_a
eng
100
_a
DUBEY G K
245
_a
SEMI CONDUCTOR CONTROLLED DC MOTOR TRCTION DR
260
_b
ALL INDIA COUNCIL FO
_c
1994
999
_c
326151
_d
326151